000150160 001__ 150160
000150160 005__ 20250131143447.0
000150160 020__ $$a 978-2-7283-1406-5
000150160 037__ $$aBOOK-2025-228
000150160 041__ $$aspa
000150160 100__ $$aNavarro Espinach, Germán$$b
000150160 245__ $$aEl comercio de materias primas entre Aragón y Francia en los siglos XV-XVI
000150160 260__ $$aRoma$$bÉcole Française$$c2021
000150160 300__ $$a267-283
000150160 506__ $$aall-rights-reserved
000150160 540__ $$9info:eu-repo/semantics/closedAccess
000150160 773__ $$tLe marché des matières premières dans l'Antiquité et au Moyen Âge
000150160 8560_ $$fcdeurop@unizar.es
000150160 8564_ $$s1752073$$uhttps://zaguan.unizar.es/record/150160/files/BOOK-2025-228.pdf$$ySin acceso$$zSin acceso
000150160 909CO $$ooai:zaguan.unizar.es:150160$$pbooks
000150160 980__ $$aBOOK$$bCAPITULOS$$b